000 00297nam a22001457a 4500
008 180917b xxu||||| |||| 00| 0 eng d
020 _a0409900427
041 _aeng
080 _a573
082 _a573
100 _a11
101 _aBIO
245 _aVectors
_cRodriguez,R.L
942 _2udc
_cBK
999 _c47851
_d47851